| 000 | 00384nam a2200157 i 4500 | ||
|---|---|---|---|
| 001 | bg | ||
| 100 | 1 | _aKittel, Charles. | |
| 245 | 1 | 0 |
_aMechanika. _nT.1 / _cC. Kittel, U. Najt, M. Ruderman. |
| 260 |
_aMoskva, _c1971. |
||
| 700 | 1 | _aKnight, Walter D. | |
| 700 | 1 | _aRuderman, Malwin A. | |
| 040 | _cBPK | ||
| 041 | _apol | ||
| 942 | _cKS | ||
| 008 | 950505s1971 pl f |000 0 pol | ||
| 999 |
_c25528 _d25528 |
||
| 856 |
_uhttp://koha.tu.koszalin.pl/cgi-bin/koha/opac-detail.pl?biblionumber=25528 _yKatalog online BPK |
||